Ochrana života nie je dielom náhody
Poslaním civilnej ochrany je podľa par. 2 ods. zákona NR SR 42/1994 Z.z. o civilnej ochrane obyvateľstva, chrániť život, zdravie a majetok a utvárať podmienky na prežitie pri mimoriadnych udalostiach a počas vyhlásenia mimoriadnej situácie. Prehľad konkrétnych opatrení, ktoré sa uskutočnili na ochra...
Guardado en:
| Autor principal: | |
|---|---|
| Formato: | Capítulo de libro |
| Lenguaje: | eslovaco |
| Materias: | |
| Etiquetas: |
Sin Etiquetas, Sea el primero en etiquetar este registro!
|
MARC
| LEADER | 00000naa a2200000 4500 | ||
|---|---|---|---|
| 001 | r044736 | ||
| 005 | 20230927091412.0 | ||
| 041 | 0 | |a slo | |
| 044 | |a SK | ||
| 245 | 1 | 0 | |a Ochrana života nie je dielom náhody |c Kamil Schön |
| 520 | |a Poslaním civilnej ochrany je podľa par. 2 ods. zákona NR SR 42/1994 Z.z. o civilnej ochrane obyvateľstva, chrániť život, zdravie a majetok a utvárať podmienky na prežitie pri mimoriadnych udalostiach a počas vyhlásenia mimoriadnej situácie. Prehľad konkrétnych opatrení, ktoré sa uskutočnili na ochranu obyvateľstva Slovenskej republiky po vlaňajších teroristických útokoch USA. | ||
| 610 | 2 | 0 | |a ochrana civilná |
| 610 | 2 | 0 | |a Slovensko |
| 610 | 2 | 0 | |a obrana štátu |
| 610 | 2 | 0 | |a terorizmus |
| 610 | 2 | 0 | |a USA |
| 100 | 1 | |a Schön, Kamil | |